<?xml version="1.0" encoding="UTF-8"?><?xml-stylesheet type="text/xsl" href="static/style.xsl"?><OAI-PMH xmlns="http://www.openarchives.org/OAI/2.0/" xmlns:xsi="http://www.w3.org/2001/XMLSchema-instance" xsi:schemaLocation="http://www.openarchives.org/OAI/2.0/ http://www.openarchives.org/OAI/2.0/OAI-PMH.xsd"><responseDate>2026-04-27T07:54:48Z</responseDate><request verb="GetRecord" identifier="oai:repisalud.isciii.es:20.500.12105/14294" metadataPrefix="marc">https://repisalud.isciii.es/rest/oai/request</request><GetRecord><record><header><identifier>oai:repisalud.isciii.es:20.500.12105/14294</identifier><datestamp>2025-04-08T10:13:22Z</datestamp><setSpec>com_20.500.12105_2052</setSpec><setSpec>com_20.500.12105_2051</setSpec><setSpec>com_20.500.12105_15322</setSpec><setSpec>col_20.500.12105_19609</setSpec><setSpec>col_20.500.12105_16988</setSpec></header><metadata><record xmlns="http://www.loc.gov/MARC21/slim" xmlns:dcterms="http://purl.org/dc/terms/" xmlns:doc="http://www.lyncode.com/xoai" xmlns:xsi="http://www.w3.org/2001/XMLSchema-instance" xsi:schemaLocation="http://www.loc.gov/MARC21/slim http://www.loc.gov/standards/marcxml/schema/MARC21slim.xsd">
   <leader>00925njm 22002777a 4500</leader>
   <datafield ind2=" " ind1=" " tag="042">
      <subfield code="a">dc</subfield>
   </datafield>
   <datafield ind2=" " ind1=" " tag="720">
      <subfield code="a">Fernández Chávez, Abelardo Claudio</subfield>
      <subfield code="e">author</subfield>
   </datafield>
   <datafield ind2=" " ind1=" " tag="720">
      <subfield code="a">Garcia Comas, Luis</subfield>
      <subfield code="e">author</subfield>
   </datafield>
   <datafield ind2=" " ind1=" " tag="720">
      <subfield code="a">Manzano Espinosa, Luis</subfield>
      <subfield code="e">author</subfield>
   </datafield>
   <datafield ind2=" " ind1=" " tag="720">
      <subfield code="a">Yuste, Jose Enrique</subfield>
      <subfield code="e">author</subfield>
   </datafield>
   <datafield ind2=" " ind1=" " tag="720">
      <subfield code="a">Corral Pazos de Provens, Octavio</subfield>
      <subfield code="e">author</subfield>
   </datafield>
   <datafield ind2=" " ind1=" " tag="720">
      <subfield code="a">Aranaz Andrés, Jesús María</subfield>
      <subfield code="e">author</subfield>
   </datafield>
   <datafield ind2=" " ind1=" " tag="260">
      <subfield code="c">2022-02</subfield>
   </datafield>
   <datafield ind2=" " ind1=" " tag="520">
      <subfield code="a">The major goals of the study were to describe the invasive pneumococcal disease (IPD) cases due to erythromycin-resistant serotypes and to evaluate the association between these cases and recent macrolide use in individuals aged over 59 years. We selected cases of IPD reported between 2007 and 2016 in persons aged over 59 years living in the Community of Madrid (CM). We followed the European Committee on Antimicrobial Susceptibility Testing (EUCAST). The explanatory variables (age, sex, year of onset of symptoms, clinical presentation, serotypes, vaccination status) were taken from the Mandatory Notification System for Infectious Diseases System and from the Vaccination Information System. The cases were classified as either included in the 13-valent pneumococcal conjugate vaccine (PCV13) or not (nonPCV13). Associations between cases due to erythromycin-resistant serotypes and previous macrolide use (total, long and short-term) were adjusted with a logistic regression multivariate analysis. A total of 1,831 cases were identified, of whom 408 were erythromycin-resistant serotypes. PCV13 cases were associated with previous macrolide use (OR: 5.07), particularly long-acting types (OR: 8.61). NonPCV13 cases were associated with the use of total macrolides (OR: 3.48) and long-acting macrolides (OR: 4.26) suggesting that PCV13 did not reduce the IPD cases in patients with previous use of macrolides. Our results confirmed that previous macrolide consumption was associated with the presence of IPD due to erythromycin-resistant serotypes. The risk was higher with the use of long-term macrolides.</subfield>
   </datafield>
   <datafield ind1="8" ind2=" " tag="024">
      <subfield code="a">Eur J Clin Microbiol Infect Dis 2022 Feb;41(2):227-234.</subfield>
   </datafield>
   <datafield ind1="8" ind2=" " tag="024">
      <subfield code="a">http://hdl.handle.net/20.500.12105/14294</subfield>
   </datafield>
   <datafield ind1="8" ind2=" " tag="024">
      <subfield code="a">34718890</subfield>
   </datafield>
   <datafield ind1="8" ind2=" " tag="024">
      <subfield code="a">10.1007/s10096-021-04368-2</subfield>
   </datafield>
   <datafield ind1="8" ind2=" " tag="024">
      <subfield code="a">1435-4373</subfield>
   </datafield>
   <datafield ind1="8" ind2=" " tag="024">
      <subfield code="a">European Journal of Clinical Microbiology &amp; Infectious Diseases: official publication of the European Society of Clinical Microbiology</subfield>
   </datafield>
   <datafield tag="653" ind2=" " ind1=" ">
      <subfield code="a">Invasive pneumococcal disease</subfield>
   </datafield>
   <datafield tag="653" ind2=" " ind1=" ">
      <subfield code="a">Pneumococcal conjugate vaccines</subfield>
   </datafield>
   <datafield tag="653" ind2=" " ind1=" ">
      <subfield code="a">Reduced antibiotic susceptibility</subfield>
   </datafield>
   <datafield ind2="0" ind1="0" tag="245">
      <subfield code="a">Impact of previous macrolide use on invasive pneumococcal disease due to erythromycin-resistant serotypes in adults over 59 years of age</subfield>
   </datafield>
</record></metadata></record></GetRecord></OAI-PMH>